| Registos Bibliográficos associados ao registo de autoridade |
|
Etiqueta de registo: 00269ncm 2200145 450 001 1365414 003 http://id.bnportugal.gov.pt/bib/catbnp/1365414 100 ## $a20060306d1925 k y0pory0103 ba 101 0# $aita 102 ## $aIT 106 ## $ar 200 1# $a L' Amore Dei Tre Re$bMúsica impressa ]$ePoema tragico in tre atti$fDi Sem Benelli$gMusica di Italo Montemezzi 210 #9 $aMilano$cG. Ricordi & C.,$d1925 215 ## $aPartitura ([7] 247 p. )$d24 cm 317 ## $aProv.: Espólio Pavia de Magalhães. ex I.P.P.C.$5PTBN: M.P. 2023 V. 500 10 $a L' Amore Dei Tre Re$lÓperas 606 ## $aÓperas$zSéc. 20$j[Música impressa]$2SIPOR$31181550 675 ## $a78.089.6$vBN$zpor$3536969 675 ## $a782$vBN$zpor$3291551 700 #1 $aMontemezzi,$bItalo,$f1875-1952$3443193 701 #1 $aBenelli,$bSem,$f1875-1949$4070$345876 712 01 $aPortugal.$bInstituto Português do Património Cultural.$bDepartamento de Musicologia$4390$3285717 801 #0 $aPT$bBN$gRPC 966 ## $lBN$mMUSICA$sM.P. 2023 V.$x6
Etiqueta de registo: 00269ncm 2200145 450 001 1381054 003 http://id.bnportugal.gov.pt/bib/catbnp/1381054 071 01 $a110241 100 ## $a20060920f1905 k y0pory0103 ba 101 0# $aita 102 ## $aIT 200 1# $aGiovanni Gallurese$bMúsica impressa ]$emelodramma storico in tre atti$fdi Francesco d'Angelantonio, musica di Italo Montemezzi 208 ## $aOpera completa per canto e pianoforte 210 #9 $aMilano$cG. Ricordi & C.$d cop. 1905 215 ## $aPartitura vocal ([4], 311 p.)$d28 cm 300 ## $aEstreia: Turim, Teatro Vittorio Emanuelle, 1905 301 ## $aN.º de ch.: 110241 307 ## $aEnc. Arte Nova 317 ## $aPert. Conservatório Nacional$5PTBN: C.N. 390 V. 320 ## $aLista de personagens, tipos de voz e intérpretes 700 #1 $aMontemezzi,$bItalo,$f1875-1952$3443193 712 01 $aPortugal.$bConservatório Nacional.$bEscola de Música$4390$31172174 801 #0 $aPT$bBN$gRPC 966 ## $lBN$mMUSICA$sC.N. 390 V. $x7
Etiqueta de registo: 00269ncm 2200145 450 001 1381053 003 http://id.bnportugal.gov.pt/bib/catbnp/1381053 071 21 $a114651 100 ## $a20060920d1945 k y0pory0103 ba 101 0# $aita 102 ## $aIT 200 1# $a L' amore dei tre re$bMúsica impressa ]$epoema tragico in tre atti$fdi Sem Benelli, [mús. di] Italo Montemezzi $griduzione di Ugo Solazzi 208 ## $aOpera completa per canto e pianoforte 210 #9 $aMilano$cG. Ricordi & C.$d1945 215 ## $aPartitura vocal ([4], 194 p.)$d28 cm 306 ## $aCopyright 1913 317 ## $aPert. Conservatório Nacional$5PTBN: C.N. 389 V. 320 ## $aLista de personagens e tipos de voz 700 #1 $aMontemezzi,$bItalo,$f1875-1952$3443193 712 01 $aPortugal.$bConservatório Nacional.$bEscola de Música$4390$31172174 801 #0 $aPT$bBN$gRPC 966 ## $lBN$mMUSICA$sC.N. 389 V. $x7
Etiqueta de registo: 00605cam 2200205 450 001 268828 003 http://id.bnportugal.gov.pt/bib/catbnp/268828 100 ## $a19981207d1952 m y0pora01030103ba 101 1# $apor 102 ## $aPT 105 ## $aa z 000yy 106 ## $ar 200 1# $a O amor dos três reis (Montemezzi) 210 #9 $aLisboa$cManuel B. Calarrão,$dimp. 1952 215 ## $a39, [1] p.$cil.$d19 cm 225 2# $aÓpera$fdir. Mário de Sampayo Ribeiro$v53 317 ## $aConservatório Nacional$5PTBN: C.N. 446 P. 606 ## $aÓperas$x[Argumentos]$2SIPOR$31273101 675 ## $a78.089.1$vBN$zpor$3506605 702 #1 $aMontemezzi,$bItalo,$f1875-1952$4230$3443193 702 #1 $aRibeiro,$bMário de Sampaio,$f1898-1966$4300$384758 702 #1 $aCalarrão,$bManuel B.,$ffl. 1940$4650$3132617 712 01 $aPortugal.$bConservatório Nacional.$bEscola de Música$4390$31172174 801 #0 $aPT$bBN$gRPC 966 ## $lBN$mFGMON$sB.R. 11584 966 ## $lBN$mFGMON$sL. 44087//4 P. 966 ## $lBN$mMUSICA$pConservatório Nacional$sC.N. 446 P. $x7 966 ## $lBN$mMUSICA$sM. 2009 P.$x2 976 ## $d20260408$rjamaral 997 ## $aBIBEOD
|
|
|